Actors / Actresses by their Characters #5 - Statistics

General Stats
  • This quiz has been taken 96 times
  • The average score is 4 of 10
Answer Stats
Hint Answer % Correct
Logan / Wolverine, Jean Valjean, Gabriel Van Helsing, Charlie Kenton Hugh Jackman
95%
Cedric Diggory, Edward Cullen, Bruce Wayne / Batman, Neil Robert Pattinson
77%
Rachel Green, Jenny Grogan, Dr. Julia Harris, Katherine Murphy / Devlin Maccabee Jennifer Aniston
75%
Michelle Flaherty, Lily Aldrin, Willow Rosenberg, Julia Jones Alyson Hannigan
38%
Martin Payne, Detective Marcus Burnett, Malcolm Turner/Big Momma, Bobby Davis Martin Lawrence
35%
Man with No Name, Frankie Dunn, Walt Kowalski, Rowdy Yates Clint Eastwood
31%
María Elena, Raimunda, Angelica, Valentina Valencia Penélope Cruz
30%
Captain Leo Davidson, Charlie Croker, John Bennett, Max Payne Mark Wahlberg
26%
Sally Albright, Annie Reed, Kathleen Kelly, Carole Bradshaw Meg Ryan
15%
Jessica Day, Ms. Edmunds, Tricia "Trillian" McMillan, Allison Zooey Deschanel
15%
No matching quizzes found
Score Distribution
Percent of People with Each Score
Percentile by Number Answered
Your Score History
You have not taken this quiz